000 01194nmm a2200313 a 4500
001 ocm0002015778
003 TR-IsHL
005 20201028180743.0
008 181220s2015 tu tur
007 cr cn
020 _a9786053848677
035 _a2015778
_b(N$T)
050 0 4 _aPZ73.C35
_bD5319 2015
090 0 4 _aPZ73.C35
_bD5319 2015
100 1 _aCammany, Anna
245 1 0 _aÜşütük kızın günlüğü 2: yenilmez kızlar ortalığı karıştırıyor
_h[electronic resource] /
_cAnna Cammany ; çeviri A. Arzu Şensoy ; illüstrasyonlar Álex López ; editör Tanıl Yaşar
260 _aİstanbul :
_bYakamoz Kitap,
_c2015
300 _a24 p.
500 _aEserin orijinal adı: Diario De Una Friki-2/Las Invencibles La Lian Parda
650 4 _aDil ve Edebiyat
650 4 _aLanguage and Literature
650 0 _aİspanyol çocuk öyküleri
650 0 _aSpanish children's stories
650 7 _aLITERARY COLLECTIONS / European / Spanish & Portuguese
_2bisacsh
700 1 _aŞensoy, A. Arzu
700 1 _aLópez, Álex
700 1 _aYaşar, Tanıl
856 4 0 _uhttp://search.ebscohost.com/login.aspx?direct=true&scope=site&db=e011xww&AN=2015778
999 _c19289
_d19289